000 00692nam2a22002171 4500
001 RU\NLR\A1SV\156097
005 20251214193203.0
035 _a(NLR Aleph) 012501053
090 _a13494300
_c13494300
100 _a20210409d1921 u y0rusy50 ca
101 0 _arus
200 1 _a... 21 октября 1921 г.
210 _d1921
215 _a6 с.
461 1 _1001RU\NLR\A1SV\156095
_12000#$v№ 224
_912229442
_aМосковско-Казанская ж. д.
_c[М.]
_d1920-1922
_tПриказ... по Московско-Казанской железной дороге...
_v№ 224
801 0 _aRU
_bNLR
_c20210409
852 _aNLR
942 _cBOOK
980 _aA1SV
980 _aNB